00778nam a2200217 a 45000010005000000030010000050050017000150080041000320200015000730400025000880800027001130900031001401000026001712450107001972600034003043000020003386500039003589420013003979520135004109990015005451560BR-CuiBMT20231215190346.0231110s2005 prb d 000 0 por d a852940274x aBR-CuiBMTcBR-CuiBMT 22007a811.134.3'374.81 dRa811.134.3'374.81bS119d1 aSacconi, Luiz Antonio10aDicionário de dúvidas, dificuldades e curiosidades da língua portuguesa /cLuiz Antonio Sacconi. aSão Paulo :bHarbra,c2005. a382 p. ;c28 cm aLíngua portuguesaxDicionários 2udccREF 00102udc4070aBIBTCEMTbBIBTCEMTd2023-12-15l0oR 821.134.3'374.81 S119dpBIBTCEMT23120557r2023-12-15tEx. 1w2023-12-15yREF c1560d1560